| 000 | 02499nam a2200349 i 4500 | ||
|---|---|---|---|
| 003 | EG-GICUC | ||
| 005 | 20260124202604.0 | ||
| 008 | 260124s2002 ua ||||fr|||| 00| 0 ara d | ||
| 017 | _a٢٠٠٢/١٨٨٨٥ | ||
| 040 |
_a EG-GICUC _bara _c EG-GICUC _d EG-GICUC _erda |
||
| 041 | 0 | _aara | |
| 082 | 0 | 4 |
_221 _a345.8321 _bم ح . د |
| 092 | 0 | 4 | _221 |
| 099 | _aLaw1 07 345.693 م ح . د 2000 | ||
| 100 | 0 |
_aمحمد ماهر أبو العينين _eمؤلف. |
|
| 245 | 1 | 2 |
_aالدفوع في نطاق القانون العام : _bالإشكاليات والدفوع أمام القاضي الدستوري. _nالكتاب الرابع، _pالإجراءات والإشكاليات الخاصة بالرقابة القضائية على دستورية القوانين في مصر وفقا لاحكام المحكمة الدستورية العليا حتى عام ٢٠٠٢ / _cالمستشار الدكتور محمد ماهر أبو العينين. |
| 264 | 3 |
_aالقاهرة : _bدار أبو المجد، _c2002. |
|
| 300 |
_a727 صفحة؛ _c24 سم. _bإيضاحيات، صور، مثيليات ؛ |
||
| 336 |
_2rda content _atext |
||
| 337 |
_2rda media _aComputer |
||
| 338 |
_2rda carrier _aOnline Resource |
||
| 504 | _a. 240-220 ببليوجرافيا: صفحات. | ||
| 505 | _aمبحث خاص اشكاليات الديمقراطية في الواقع السياسي والدستوري العربي. | ||
| 505 | _aالإجراءات المتعلقة بالدعاوى والطلبات أمام المحكمة الدستورية العليا اشكاليات الاثر الرجعي والفورى للأحكام الصادرة في الدعوى الدستورية حدود حجية الأحكام الصادرة في الدعوى الدستورية الاشكاليات المتعلقة بتنفيذ أحكام المحكمة الدستورية العليا - المدى الزمني للرقابة الدستورية حدود وضوابط الرقابة القضائية على دستورية القوانين دراسة تحليلية اتجاهات القاضي الدستورى فى الرقابة على سلطة المشرع التقديرية. | ||
| 546 | _aالنص باللغة العربية | ||
| 650 | 1 | 4 |
_aالرقابة القضائية علي اعمال الادارة _2qrmak |
| 650 | 1 | 4 |
_aالقانون الإداري _2qrmak |
| 651 | 1 | _2qrmak | |
| 856 | 4 | 0 | _uhttps://fll.law.cu.edu.eg/fulltext/bks/B07-03184.pdf |
| 905 | _a32 | ||
| 942 |
_2ddc _cBK _e21 _n0 |
||
| 999 |
_c59069 _d59069 |
||